000 00739nam a2200253Ia 4500
003 OSt
005 20220928130402.0
006 a|||||r|||| 00| 0
007 ta
008 220927b |||||||| |||| 00| 0 eng d
020 _c845.75
024 _a125021
037 _b3383, 19/11/2014, R.K. Book Universal
_cTextual
040 _aSDCL
_cSDCL
_beng
041 _2eng
_aeng
082 _aB2898, L6.2
100 _aKleinrock Leonard
_9473765
245 0 _aQueueing systems, vol 2, computer applications
260 _aNew Delhi
_bWiley
_c2014
300 _axx;549p.
_ccm.
650 _aI I C
942 _hB2898, L6.2
_cTEXL
_2CC
999 _c786365
_d786365